La carne y el color (Record no. 5168)

MARC details
000 -CABECERA
campo de control de longitud fija 01109nam a2200277 a 4500
001 - NÚMERO DE CONTROL
campo de control BRCA_5474
005 - FECHA Y HORA DE LA ÚLTIMA TRANSACCIÓN
campo de control 20190320205108.0
008 - DATOS DE LONGITUD FIJA--INFORMACIÓN GENERAL
campo de control de longitud fija 020211s2008----mx-a######---#000-0#spa-#
020 ## - NÚMERO INTERNACIONAL ESTÁNDAR DEL LIBRO
Número Internacional Estándar del Libro 97896858271109
041 ## - CÓDIGO DE LENGUA
Código de lengua del texto/banda sonora o título independiente spa
044 ## - CÓDIGO DEL PAÍS DE LA ENTIDAD EDITORA/PRODUCTORA
Código MARC del país mx
050 #4 - SIGNATURA TOPOGRÁFICA DE LA BIBLIOTECA DEL CONGRESO
Número de clasificación N6754
Número de documento/Ítem .C37 2008
245 10 - MENCIÓN DE TÍTULO
Título La carne y el color
Resto del título Musée des Beaux-Arts de Rennes, Museo Nacional de Arte
Mención de responsabilidad, etc. [textos, Francois Coulon ... [et al.].
260 ## - PUBLICACIÓN, DISTRIBUCIÓN, ETC.
Lugar de publicación, distribución, etc. México
Nombre del editor, distribuidor, etc. Museo Nacional de Arte : Musée des Beaux-Arts de Rennes
Fecha de publicación, distribución, etc. 2008
300 ## - DESCRIPCIÓN FÍSICA
Extensión 259 p.
Otras características físicas il.
Dimensiones 32 cm.
500 ## - NOTA GENERAL
Nota general Incluye lista catalográfica
500 ## - NOTA GENERAL
Nota general Catálogo de la exposición realizada en el Museo Nacional de Arte (Ciudad de México), julio-octubre, 2008
650 14 - PUNTO DE ACCESO ADICIONAL DE MATERIA--TÉRMINO DE MATERIA
Término de materia o nombre geográfico como elemento de entrada Arte europeo
Subdivisión de forma Exposiciones
Subdivisión general Temas, motivos
9 (RLIN) 13989
650 14 - PUNTO DE ACCESO ADICIONAL DE MATERIA--TÉRMINO DE MATERIA
Término de materia o nombre geográfico como elemento de entrada Pintura mexicana
Subdivisión de forma Exposiciones
Subdivisión general Temas, motivos
9 (RLIN) 13990
650 14 - PUNTO DE ACCESO ADICIONAL DE MATERIA--TÉRMINO DE MATERIA
Término de materia o nombre geográfico como elemento de entrada Arte
Subdivisión de forma Exposiciones
Subdivisión geográfica Francia
9 (RLIN) 2152
650 14 - PUNTO DE ACCESO ADICIONAL DE MATERIA--TÉRMINO DE MATERIA
Término de materia o nombre geográfico como elemento de entrada Pintura
Subdivisión de forma Exposiciones
Subdivisión geográfica México
9 (RLIN) 6508
700 1# - PUNTO DE ACCESO ADICIONAL--NOMBRE DE PERSONA
Nombre de persona Coulon, Francois
9 (RLIN) 13991
710 2# - PUNTO DE ACCESO ADICIONAL--NOMBRE DE ENTIDAD CORPORATIVA
Nombre de entidad corporativa o nombre de jurisdicción como elemento de entrada Musée des Beaux-Arts de Rennes
9 (RLIN) 13992
710 2# - PUNTO DE ACCESO ADICIONAL--NOMBRE DE ENTIDAD CORPORATIVA
Nombre de entidad corporativa o nombre de jurisdicción como elemento de entrada Museo Nacional de Arte (Ciudad de México)
9 (RLIN) 13993
942 ## - ELEMENTOS DE PUNTO DE ACCESO ADICIONAL (KOHA)
Fuente del sistema de clasificación o colocación Library of Congress Classification
Tipo de ítem Koha Libros
Holdings
Estado de retiro Estado de pérdida Estado dañado No para préstamo Localización permanente Ubicación/localización actual Fecha de adquisición Total de préstamos Signatura topográfica completa Código de barras Fecha visto por última vez Precio válido a partir de Tipo de ítem Koha
El ejemplar forma parte de la colección y puede ser consultado según las políticas vigentes.       Biblioteca del Museo Franz Mayer (Rogerio Casas-Alatriste) Biblioteca del Museo Franz Mayer (Rogerio Casas-Alatriste) 14/01/2011   N6754 .C37 2008 02751 22/03/2019 22/03/2019 Libros